[Event "Tata Steel (B) 2015"]
[Site "Wijk aan Zee NED"]
[Date "2015.01.15"]
[Round "5"]
[White "Timman, J."]
[Black "Dale, Ari"]
[Result "1-0"]
[WhiteElo "2593"]
[BlackElo "2291"]
[PlyCount "75"]
[EventDate "2015.01.10"]

1. d4 d5 2. c4 e6 3. Nc3 c5 4. cxd5 exd5 5. Nf3 Nc6 6. dxc5 d4 7. Na4 Bxc5 8.
Nxc5 Qa5+ 9. Bd2 Qxc5 10. Rc1 Qb6 11. e3 Nf6 12. exd4 O-O 13. Bc4 Re8+ 14. Be3
Qxb2 15. O-O Bf5 16. Bb3 Rad8 17. Rc5 Be6 18. d5 Bg4 19. Bc1 Qb1 20. Bf4 Qf5
21. Bc7 Ne5 22. Nd4 Qf4 23. f3 Qe3+ 24. Kh1 Nd3 25. Bxd8 Qxd4 26. Rc2 Rxd8 27.
fxg4 Re8 28. h3 h6 29. Qa1 Qe3 30. d6 Rd8 31. Kh2 Rxd6 32. Rc8+ Kh7 33. Rf3 Qe2
34. Bc2 Nd7 35. Rxf7 N7e5 36. Qf1 Qd2 37. Qf5+ Rg6 38. Rxg7+ 1-0

[Event "Tata Steel (B) 2015"]
[Site "Wijk aan Zee NED"]
[Date "2015.01.15"]
[Round "5"]
[White "Navara, D."]
[Black "Wei Yi"]
[Result "1/2-1/2"]
[WhiteElo "2729"]
[BlackElo "2675"]
[PlyCount "131"]
[EventDate "2015.01.10"]

1. Nf3 Nf6 2. c4 g6 3. Nc3 d5 4. cxd5 Nxd5 5. Qb3 Nb6 6. d4 Bg7 7. Bf4 Be6 8.
Qa3 c5 9. e4 cxd4 10. Nb5 O-O 11. Nc7 Nc6 12. Nxa8 Qxa8 13. Rc1 f5 14. e5 Nd5
15. Bd2 Nxe5 16. Nxd4 Bf7 17. Be2 Nb6 18. b3 Qd8 19. Nf3 Nd3+ 20. Bxd3 Qxd3 21.
Qxa7 Bb2 22. Qxb6 Bxc1 23. Bxc1 Rd8 24. Nd2 Rd6 25. Qa7 Bd5 26. f3 Re6+ 27. Kd1
Ra6 28. Qc5 Rxa2 29. Qxe7 Bxb3+ 30. Ke1 Bf7 31. Kf2 f4 32. g4 Qd4+ 33. Kg2
Rxd2+ 34. Bxd2 Qxd2+ 35. Kh3 Qd5 36. Qe4 Qxe4 37. fxe4 g5 38. Kg2 b5 39. h4 h6
40. hxg5 hxg5 41. Rh6 Kg7 42. Rb6 Bc4 43. Kf3 Kf7 44. Rd6 Be6 45. Rb6 Bc4 46.
Kf2 Bd3 47. e5 Bc4 48. Rf6+ Ke7 49. Rb6 Kf7 50. Kg2 Ke7 51. Kf3 Bd5+ 52. Ke2 b4
53. Rxb4 Ke6 54. Kd3 Kxe5 55. Rb5 Ke6 56. Kd4 Bf3 57. Rxg5 Kf6 58. Rf5+ Kg6 59.
Rxf4 Bd1 60. Ke5 Kg5 61. Rf1 Bxg4 62. Rg1 Kh5 63. Kf4 Be6 64. Rg5+ Kh6 65. Rf5
Bxf5 66. Kxf5 1/2-1/2

[Event "Tata Steel 2015"]
[Site "Wijk aan Zee NED"]
[Date "2015.01.16"]
[Round "6"]
[White "Van Wely, L."]
[Black "Aronian, L."]
[Result "1/2-1/2"]
[WhiteElo "2667"]
[BlackElo "2797"]
[PlyCount "59"]
[EventDate "2015.01.09"]

1. d4 Nf6 2. Bg5 d5 3. Nd2 Nbd7 4. Ngf3 e6 5. e3 c5 6. c3 Qb6 7. Rb1 g6 8. Ne5
Bg7 9. f4 Ng8 10. Nb3 cxd4 11. exd4 Nh6 12. Bxh6 Bxh6 13. Qf3 a5 14. h4 a4 15.
Nd2 a3 16. b4 Nxe5 17. fxe5 Bd7 18. g4 Ba4 19. g5 Bf8 20. Bd3 Rc8 21. Rf1 Be7
22. Qxf7+ Kd7 23. Nb3 Bxb3 24. Rxb3 Rhf8 25. Qxh7 Rh8 26. Qxg6 Rcg8 27. Qf7 Rf8
28. Qg7 Rfg8 29. Qf7 Rf8 30. Qg7 1/2-1/2

[Event "Tata Steel 2015"]
[Site "Wijk aan Zee NED"]
[Date "2015.01.16"]
[Round "6"]
[White "Jobava, Ba"]
[Black "So, W."]
[Result "0-1"]
[WhiteElo "2727"]
[BlackElo "2762"]
[PlyCount "78"]
[EventDate "2015.01.09"]

1. e4 e5 2. Nf3 Nc6 3. Bc4 Bc5 4. c3 Nf6 5. d3 a6 6. O-O Ba7 7. Bd5 Nxd5 8.
exd5 Ne7 9. Nxe5 d6 10. Nf3 Nxd5 11. Bg5 f6 12. Re1+ Kf7 13. Qb3 Be6 14. c4
fxg5 15. cxd5 Bd7 16. Nc3 g4 17. Nd2 Rf8 18. Nce4 Kg8 19. Rac1 b5 20. Qc3 Bb6
21. a4 bxa4 22. Nc4 Ba7 23. Na5 Qh4 24. Rc2 Rf7 25. Qxc7 Bb5 26. Qxd6 Bxd3 27.
g3 Qh5 28. Rc7 Re8 29. Rxa7 Rxa7 30. Nc6 Rf7 31. Qb4 Ref8 32. Ne7+ Kh8 33. f4
gxf3 34. Nf2 Be2 35. d6 Qb5 36. Qd4 Qd7 37. Rc1 Rf6 38. Rc6 Bb5 39. Rb6 Qe6 0-1

[Event "Tata Steel 2015"]
[Site "Wijk aan Zee NED"]
[Date "2015.01.16"]
[Round "6"]
[White "Ivanchuk, V."]
[Black "Saric, Iv"]
[Result "1/2-1/2"]
[WhiteElo "2715"]
[BlackElo "2666"]
[PlyCount "97"]
[EventDate "2015.01.09"]

1. d4 d5 2. c4 c6 3. Nf3 Nf6 4. e3 Bg4 5. h3 Bh5 6. Nc3 e6 7. g4 Bg6 8. Ne5
Nbd7 9. Nxg6 hxg6 10. Bd2 Bb4 11. cxd5 Nxd5 12. e4 Nxc3 13. bxc3 Ba5 14. Bg2 c5
15. Rb1 b6 16. O-O O-O 17. f4 Rc8 18. Rc1 cxd4 19. cxd4 Bxd2 20. Qxd2 Qe7 21.
e5 Qa3 22. Kh2 Rxc1 23. Rxc1 Rd8 24. Rc3 Qa5 25. Rc2 Qxd2 26. Rxd2 Kf8 27. Kg3
b5 28. Bc6 b4 29. d5 Nb8 30. Bb7 exd5 31. Rxd5 Rxd5 32. Bxd5 Nd7 33. Kf3 g5 34.
fxg5 Nxe5+ 35. Ke4 Ng6 36. Bc4 a5 37. Kd4 a4 38. Kc5 b3 39. axb3 axb3 40. Bxb3
Nf4 41. h4 Ng2 42. h5 Ne3 43. Kd4 Nxg4 44. Bc2 g6 45. hxg6 fxg6 46. Bxg6 Kg7
47. Bf5 Nh6 48. Be6 Kg6 49. gxh6 1/2-1/2

[Event "Tata Steel 2015"]
[Site "Wijk aan Zee NED"]
[Date "2015.01.16"]
[Round "6"]
[White "Hou Yifan"]
[Black "Wojtaszek, R."]
[Result "1/2-1/2"]
[WhiteElo "2673"]
[BlackElo "2744"]
[PlyCount "70"]
[EventDate "2015.01.09"]

1. e4 c5 2. Ne2 Nf6 3. Nbc3 d6 4. g3 Nc6 5. Bg2 g6 6. d4 cxd4 7. Nxd4 Nxd4 8.
Qxd4 Bg7 9. e5 Nd7 10. Qa4 O-O 11. exd6 Nb6 12. Qf4 Qxd6 13. Qxd6 exd6 14. O-O
Nc4 15. Nd5 Bxb2 16. Bxb2 Nxb2 17. Rfb1 Na4 18. Nc7 Rb8 19. Na6 Ra8 20. Bxb7
Bxb7 21. Rxb7 Rfc8 22. Re1 Nc5 23. Nxc5 Rxc5 24. Ree7 Rf5 25. Rbc7 a5 26. Kg2
Rb8 27. a3 Rbb5 28. f4 h5 29. Kf3 Kg7 30. Ke3 Rb1 31. Kf3 Rf1+ 32. Kg2 Rd1 33.
Kf3 Rf1+ 34. Kg2 Rd1 35. Kf3 Rf1+ 1/2-1/2

[Event "Tata Steel 2015"]
[Site "Wijk aan Zee NED"]
[Date "2015.01.16"]
[Round "6"]
[White "Radjabov, T."]
[Black "Giri, A."]
[Result "1/2-1/2"]
[WhiteElo "2734"]
[BlackElo "2784"]
[PlyCount "51"]
[EventDate "2015.01.09"]

1. e4 c5 2. Nf3 e6 3. d4 cxd4 4. Nxd4 Nc6 5. Nc3 Qc7 6. Be3 a6 7. Qf3 Ne5 8.
Qg3 h5 9. O-O-O h4 10. Qh3 b5 11. f4 Nc4 12. Bxc4 Qxc4 13. f5 Bb7 14. Rhf1 Rc8
15. fxe6 dxe6 16. Rxf7 Kxf7 17. b3 Ba3+ 18. Kb1 Qxc3 19. Qxe6+ Kf8 20. Rf1+ Nf6
21. Rxf6+ gxf6 22. Qxf6+ Kg8 23. Qg6+ Kf8 24. Qf6+ Kg8 25. Qg6+ Kf8 26. Qf6+
1/2-1/2

[Event "Tata Steel (B) 2015"]
[Site "Wijk aan Zee NED"]
[Date "2015.01.16"]
[Round "6"]
[White "Dale, Ari"]
[Black "Van Kampen, Robin"]
[Result "0-1"]
[WhiteElo "2291"]
[BlackElo "2615"]
[PlyCount "46"]
[EventDate "2015.01.10"]

1. d4 Nf6 2. c4 e6 3. Nc3 Bb4 4. e3 O-O 5. Bd3 d5 6. Nf3 c5 7. O-O dxc4 8. Bxc4
b6 9. a3 Bxc3 10. bxc3 Bb7 11. Re1 Nbd7 12. Bd3 Ne4 13. Bb2 f5 14. Bf1 Rf6 15.
Ne5 Rh6 16. f3 Qh4 17. fxe4 Qxh2+ 18. Kf2 Nxe5 19. dxe5 Qh4+ 20. g3 Qh2+ 21.
Bg2 Bxe4 22. Rg1 Rg6 23. Kf1 Rxg3 0-1

[Event "Tata Steel (B) 2015"]
[Site "Wijk aan Zee NED"]
[Date "2015.01.16"]
[Round "6"]
[White "Navara, David"]
[Black "Timman, Jan H"]
[Result "1-0"]
[WhiteElo "2729"]
[BlackElo "2593"]
[PlyCount "37"]
[EventDate "2015.01.10"]

1. d4 Nf6 2. c4 e6 3. Nf3 Bb4+ 4. Nbd2 O-O 5. a3 Be7 6. e4 d5 7. e5 Nfd7 8. Bd3
c5 9. h4 g6 10. h5 cxd4 11. Nb3 dxc4 12. Bxc4 b5 13. Bd3 Bb7 14. Qd2 Nxe5 15.
Nxe5 Qd5 16. Nf3 g5 17. Nxg5 f5 18. Rh3 Qxg2 19. Bf1 1-0

[Event "Tata Steel (B) 2015"]
[Site "Wijk aan Zee NED"]
[Date "2015.01.16"]
[Round "6"]
[White "Wei, Yi"]
[Black "Sevian, Samuel"]
[Result "1-0"]
[WhiteElo "2675"]
[BlackElo "2511"]
[PlyCount "63"]
[EventDate "2015.01.10"]

1. e4 c5 2. Nf3 d6 3. d4 cxd4 4. Nxd4 Nf6 5. Nc3 a6 6. Be3 e5 7. Nf3 Qc7 8. a4
Be7 9. Be2 O-O 10. O-O Nbd7 11. Nd2 b6 12. g4 Bb7 13. g5 Ne8 14. Nc4 Qd8 15. h4
b5 16. axb5 axb5 17. Rxa8 Qxa8 18. Nxb5 Bxe4 19. Ncxd6 Nxd6 20. Nxd6 Bxd6 21.
Qxd6 Bf5 22. Rd1 Qa4 23. c4 g6 24. Rd2 Rb8 25. Kh2 Qa1 26. Qc7 Qa8 27. Rxd7
Bxd7 28. Qxd7 Rxb2 29. Bf3 e4 30. Bxe4 Qb8+ 31. Kg2 h5 32. Bd5 1-0

[Event "Tata Steel (B) 2015"]
[Site "Wijk aan Zee NED"]
[Date "2015.01.16"]
[Round "6"]
[White "Shankland, Samuel L"]
[Black "Michiels, Bart"]
[Result "1-0"]
[WhiteElo "2652"]
[BlackElo "2563"]
[PlyCount "65"]
[EventDate "2015.01.10"]

1. e4 e6 2. d4 d5 3. Nd2 Nf6 4. e5 Nfd7 5. Bd3 c5 6. c3 Nc6 7. Ne2 cxd4 8. cxd4
f6 9. exf6 Nxf6 10. O-O Bd6 11. Nf3 Qc7 12. Nc3 a6 13. Bd2 O-O 14. Rc1 Bd7 15.
Re1 Rae8 16. Na4 Bc8 17. Ne5 Qb8 18. Bf4 Nxd4 19. Bxh7+ Kxh7 20. Qxd4 Ne4 21.
Bg3 Rf5 22. Nf3 Nxg3 23. hxg3 Bd7 24. Nc5 Bxc5 25. Rxc5 Qd6 26. Ne5 g5 27. g4
Rf4 28. Qd3+ Kh8 29. Qg6 Re7 30. Rc3 Rh7 31. Qxg5 Re4 32. Rxe4 dxe4 33. Qd8+
1-0

[Event "Tata Steel (B) 2015"]
[Site "Wijk aan Zee NED"]
[Date "2015.01.16"]
[Round "6"]
[White "Haast, Anne"]
[Black "Salem, A.R. Saleh"]
[Result "1/2-1/2"]
[WhiteElo "2352"]
[BlackElo "2603"]
[PlyCount "86"]
[EventDate "2015.01.10"]

1. e4 c5 2. Nf3 d6 3. d4 cxd4 4. Nxd4 Nf6 5. Nc3 Nc6 6. Bg5 e6 7. Qd2 a6 8.
O-O-O Be7 9. Bxf6 gxf6 10. f4 Bd7 11. Kb1 b5 12. Nxc6 Bxc6 13. Bd3 Qb6 14. f5
O-O-O 15. Qh6 b4 16. Ne2 e5 17. Qh5 Rhf8 18. Ng3 d5 19. Qxh7 Kb8 20. Qh5 a5 21.
Qe2 a4 22. exd5 Rxd5 23. Bc4 Ra5 24. Ne4 Rc8 25. h4 b3 26. cxb3 axb3 27. Bxb3
Qb7 28. Rhe1 Bb4 29. h5 Bxe1 30. Nd6 Qb4 31. Qxe1 Qxe1 32. Rxe1 Rg8 33. h6 Bd7
34. g4 Ra6 35. Rd1 Rxg4 36. Bxf7 Rh4 37. Be6 Ba4 38. b3 Bc6 39. Nc4 Kc7 40. Rg1
Be4+ 41. Kb2 Kc6 42. Rd1 Kc5 43. a3 Bc6 1/2-1/2

[Event "Tata Steel (B) 2015"]
[Site "Wijk aan Zee NED"]
[Date "2015.01.16"]
[Round "6"]
[White "L'Ami, Erwin"]
[Black "Potkin, Vladimir"]
[Result "1/2-1/2"]
[WhiteElo "2613"]
[BlackElo "2608"]
[PlyCount "59"]
[EventDate "2015.01.10"]

1. d4 Nf6 2. c4 g6 3. Nf3 Bg7 4. g3 O-O 5. Bg2 c6 6. O-O d5 7. Qb3 Qb6 8. Nc3
Rd8 9. Na4 Qxb3 10. axb3 Na6 11. Bf4 Bf5 12. Nc3 Nh5 13. Bg5 Nf6 14. Rfc1 h6
15. Bf4 g5 16. Be5 Ne8 17. Bxg7 Kxg7 18. e3 e6 19. Ne1 Nf6 20. Bf1 Nc7 21. Bd3
Bxd3 22. Nxd3 Nd7 23. Na4 Ne8 24. Ne5 Nef6 25. Nd3 Ne4 26. Rc2 h5 27. Kg2 Rh8
28. h3 a6 29. Re1 Nd6 30. Nac5 1/2-1/2

[Event "Tata Steel (B) 2015"]
[Site "Wijk aan Zee NED"]
[Date "2015.01.16"]
[Round "6"]
[White "Klein, David"]
[Black "Gunina, Valentina"]
[Result "1-0"]
[WhiteElo "2517"]
[BlackElo "2538"]
[PlyCount "153"]
[EventDate "2015.01.10"]

1. e4 c6 2. d4 d5 3. Nd2 dxe4 4. Nxe4 Bf5 5. Ng3 Bg6 6. h4 h6 7. Nf3 Nd7 8. h5
Bh7 9. Bd3 Bxd3 10. Qxd3 e6 11. Bd2 Ngf6 12. O-O-O Be7 13. Kb1 Qb6 14. c4 O-O
15. Bf4 Rad8 16. Qc2 Qa6 17. Nf1 b5 18. c5 Nd5 19. Bd2 b4 20. Ne3 N7f6 21. Ne5
Qb7 22. N3c4 Qb5 23. Rh3 Nh7 24. f4 f5 25. g4 fxg4 26. Rg3 Ndf6 27. Bc1 Nxh5
28. Rxg4 Rf5 29. Rg6 N7f6 30. Qg2 Bxc5 31. Ne3 Rxf4 32. dxc5 Rxd1 33. Nxd1 Rf5
34. Qxc6 Qxc6 35. Nxc6 Rxc5 36. Nxb4 a5 37. Nd3 Rd5 38. Kc2 Kf7 39. Rg1 g5 40.
Ne3 Rd8 41. Nc4 a4 42. Bd2 Ng7 43. Bc3 Nf5 44. Nde5+ Kg8 45. Ng4 Nd5 46. Re1
Rc8 47. b3 axb3+ 48. axb3 Nd6 49. Nf6+ Nxf6 50. Nxd6 Rc7 51. Rxe6 Nd5 52. Nc4
Kh7 53. Bd2 Ne7 54. Ba5 Rd7 55. Ne5 Ra7 56. Bc3 Nd5 57. Ng4 Ra2+ 58. Bb2 Nb4+
59. Kb1 Ra6 60. Re7+ Kg6 61. Ne5+ Kf5 62. Rf7+ Ke4 63. Rd7 Kf5 64. Nf3 Rb6 65.
Nd2 g4 66. Rf7+ Kg6 67. Rg7+ Kf5 68. Nc4 Re6 69. Bc3 Nd5 70. Bd2 Re2 71. Kc1 h5
72. Rg5+ Ke6 73. Kd1 Re4 74. Rxh5 Nf6 75. Rg5 Rd4 76. Kc2 Rd8 77. Bc3 1-0

[Event "Tata Steel 2015"]
[Site "Wijk aan Zee NED"]
[Date "2015.01.17"]
[Round "7"]
[White "Saric, Iv"]
[Black "Vachier Lagrave, M."]
[Result "0-1"]
[WhiteElo "2666"]
[BlackElo "2757"]
[PlyCount "64"]
[EventDate "2015.01.09"]

1. e4 c5 2. Nf3 d6 3. d4 cxd4 4. Nxd4 Nf6 5. Nc3 a6 6. f3 e5 7. Nb3 Be6 8. Be3
Be7 9. Qd2 O-O 10. O-O-O Nbd7 11. g4 b5 12. Rg1 Nb6 13. Na5 Rc8 14. g5 Nh5 15.
Kb1 g6 16. a3 Qc7 17. Nd5 Nxd5 18. exd5 Bd7 19. h4 Bd8 20. Nc6 Bxc6 21. dxc6
Qxc6 22. Bh3 Rc7 23. Qxd6 Qxc2+ 24. Ka1 Nf4 25. Bg4 b4 26. Rc1 Qb3 27. Bxf4
exf4 28. Rxc7 bxa3 29. Rg2 Bxc7 30. Qxc7 Rb8 31. Rd2 axb2+ 32. Kb1 Qa2+ 0-1

[Event "Tata Steel 2015"]
[Site "Wijk aan Zee NED"]
[Date "2015.01.17"]
[Round "7"]
[White "Wojtaszek, R."]
[Black "Jobava, Ba"]
[Result "0-1"]
[WhiteElo "2744"]
[BlackElo "2727"]
[PlyCount "74"]
[EventDate "2015.01.09"]

1. d4 Nf6 2. c4 e6 3. Nf3 Bb4+ 4. Nbd2 O-O 5. a3 Be7 6. e4 d6 7. Be2 c5 8. b3
cxd4 9. Nxd4 b6 10. O-O Bb7 11. Bd3 Nbd7 12. Qe2 Re8 13. Bb2 Bf8 14. Rad1 a6
15. f4 e5 16. fxe5 Nxe5 17. Bb1 b5 18. cxb5 d5 19. Nc6 Qb6+ 20. Bd4 Bc5 21. Qf2
Nfg4 22. Bxc5 Qxb5 23. Na7 Rxa7 24. Qd4 Raa8 25. a4 Qc6 26. exd5 Qxd5 27. Ne4
Qxd4+ 28. Bxd4 Nxh2 29. Rf5 Rad8 30. Nc5 Nhf3+ 31. gxf3 Nxf3+ 32. Kf2 Rxd4 33.
Rxd4 Nxd4 34. Nxb7 Re2+ 35. Kf1 Rb2 36. Rd5 Rxb1+ 37. Kf2 Ne6 0-1

[Event "Tata Steel 2015"]
[Site "Wijk aan Zee NED"]
[Date "2015.01.17"]
[Round "7"]
[White "Carlsen, M."]
[Black "Hou Yifan"]
[Result "1-0"]
[WhiteElo "2862"]
[BlackElo "2673"]
[PlyCount "107"]
[EventDate "2015.01.09"]

1. e4 c5 2. Nf3 Nc6 3. d4 cxd4 4. Nxd4 e5 5. Nb5 d6 6. c4 Be7 7. N1c3 a6 8. Na3
Be6 9. Nc2 Bg5 10. Be2 Bxc1 11. Rxc1 Nf6 12. O-O O-O 13. Qd2 Qb6 14. Rfd1 Rfd8
15. b3 h6 16. h3 Qa7 17. Bf3 Ne7 18. Ne3 Nc6 19. Bg4 Nd4 20. Bxe6 fxe6 21. Nc2
Nxc2 22. Rxc2 Rd7 23. Qe2 Rad8 24. Rd3 Qc5 25. Na4 Qc6 26. Re3 b6 27. Nb2 Rf7
28. Rd2 Nd7 29. Nd3 a5 30. Nb2 Nc5 31. Nd1 Rdf8 32. Qe1 Rd8 33. Nc3 Rfd7 34.
Qd1 Na6 35. Qh5 Nc7 36. Rg3 Kh8 37. Rdd3 Re7 38. Rg6 Qe8 39. Rdg3 Rdd7 40. Nd1
Rf7 41. Qe2 Rf4 42. Qe3 b5 43. Nb2 Rdf7 44. c5 Qc6 45. Nd3 b4 46. Qe2 Rh4 47.
R6g4 Rxg4 48. Qxg4 Kg8 49. Qh5 Nb5 50. Rg4 Nc3 51. Qxh6 Nxe4 52. Qxe6 Nxf2 53.
Nxe5 Nxh3+ 54. Kh2 1-0

[Event "Tata Steel 2015"]
[Site "Wijk aan Zee NED"]
[Date "2015.01.17"]
[Round "7"]
[White "Giri, A."]
[Black "Ivanchuk, V."]
[Result "1/2-1/2"]
[WhiteElo "2784"]
[BlackElo "2715"]
[PlyCount "204"]
[EventDate "2015.01.09"]

1. d4 d5 2. c4 c6 3. Nc3 Nf6 4. Nf3 e6 5. g3 Nbd7 6. Bg2 dxc4 7. a4 Bb4 8. O-O
O-O 9. Qc2 Qe7 10. a5 e5 11. Rd1 a6 12. d5 Nc5 13. Bg5 Bxc3 14. bxc3 Bg4 15. h3
Bxf3 16. Bxf3 e4 17. Bg2 Nb3 18. Ra4 cxd5 19. Rxd5 Qe6 20. Rd1 Rfe8 21. Bxf6
gxf6 22. e3 Rac8 23. Bf1 Re7 24. Bxc4 Rxc4 25. Qxb3 Rxa4 26. Qxa4 Qxh3 27. Qb4
Rd7 28. Rxd7 Qxd7 29. Qxe4 Qc7 30. c4 Kg7 31. Kg2 h6 32. Qd5 Qe7 33. e4 Qb4 34.
e5 fxe5 35. Qxe5+ Kg6 36. Qd4 Kh7 37. Qg4 Qb1 38. Qf4 Kg6 39. Qd6+ Kf5 40. Qd5+
Kg6 41. Qd6+ Kf5 42. Qf4+ Kg6 43. Qd4 Kh7 44. Qd5 Kg7 45. Kf3 Qe1 46. Qd4+ Kg8
47. Qd8+ Kg7 48. Qd5 h5 49. Kg2 Qe2 50. c5 Qb5 51. Qg5+ Kf8 52. Qh6+ Kg8 53.
Qg5+ Kf8 54. Qxh5 Qxa5 55. Qh8+ Ke7 56. Qe5+ Kf8 57. Qb8+ Kg7 58. Qxb7 Qxc5 59.
Qxa6 Qd5+ 60. Kg1 Qd1+ 61. Qf1 Qf3 62. Qc4 Qd1+ 63. Kg2 Qd2 64. Qg4+ Kf8 65.
Qe4 Qb2 66. Kf3 Kg7 67. Qg4+ Kf8 68. Qf4 Kg7 69. Kg4 Qe2+ 70. Kg5 Qb5+ 71. Kh4
Qc6 72. Qe5+ Kg6 73. Qg5+ Kh7 74. Qf5+ Kg7 75. f3 Qh6+ 76. Qh5 Qc6 77. Qe5+ Kg8
78. Kg4 Kf8 79. Qg5 Qd7+ 80. Kh4 Qd4+ 81. Kh5 Ke8 82. f4 Qh8+ 83. Kg4 Qh2 84.
Qe5+ Kf8 85. f5 Qd2 86. f6 Qd1+ 87. Kh4 Qh1+ 88. Kg5 Qc1+ 89. Qf4 Qb1 90. Qd4
Qg6+ 91. Kf4 Qh6+ 92. Kf3 Qh5+ 93. g4 Qh1+ 94. Kf4 Qf1+ 95. Kg5 Qc1+ 96. Qf4
Qb1 97. Qf3 Kg8 98. Qc3 Qg6+ 99. Kf4 Qh6+ 100. Kg3 Qg5 101. Qf3 Kh7 102. Qe4+
Kh6 1/2-1/2

[Event "Tata Steel 2015"]
[Site "Wijk aan Zee NED"]
[Date "2015.01.17"]
[Round "7"]
[White "So, W."]
[Black "Radjabov, T."]
[Result "1/2-1/2"]
[WhiteElo "2762"]
[BlackElo "2734"]
[PlyCount "81"]
[EventDate "2015.01.09"]

1. d4 Nf6 2. c4 e6 3. Nf3 d5 4. Nc3 Be7 5. Bf4 O-O 6. e3 Nbd7 7. Be2 dxc4 8.
O-O c5 9. dxc5 Nxc5 10. Bxc4 Qxd1 11. Rfxd1 b6 12. Bd6 Bxd6 13. Rxd6 Bb7 14.
Rad1 Bxf3 15. gxf3 Rfc8 16. Bf1 g6 17. Bg2 Rab8 18. f4 b5 19. Ne2 Nce4 20. R6d4
Nc5 21. Bf3 Kf8 22. Kg2 h6 23. b3 a6 24. h3 Ke7 25. e4 Kf8 26. Ng3 Ng8 27. Rd6
a5 28. f5 gxf5 29. exf5 Ne7 30. Bg4 Nd5 31. fxe6 Nf4+ 32. Kf3 Ncxe6 33. Ne4 a4
34. Rd7 Rb6 35. Bxe6 Nxe6 36. h4 axb3 37. axb3 Nc5 38. Rc1 Rbc6 39. Nxc5 Rxc5
40. Rxc5 Rxc5 41. Ke4 1/2-1/2

[Event "Tata Steel 2015"]
[Site "Wijk aan Zee NED"]
[Date "2015.01.17"]
[Round "7"]
[White "Aronian, L."]
[Black "Caruana, F."]
[Result "1/2-1/2"]
[WhiteElo "2797"]
[BlackElo "2820"]
[PlyCount "93"]
[EventDate "2015.01.09"]

1. d4 Nf6 2. c4 e6 3. Nc3 Bb4 4. e3 O-O 5. Nf3 c5 6. Bd3 d5 7. O-O cxd4 8. exd4
dxc4 9. Bxc4 b6 10. Bg5 Bb7 11. Rc1 Nc6 12. Qd3 Rc8 13. Rfd1 Na5 14. Bb5 h6 15.
Bh4 Bxc3 16. bxc3 Qd5 17. c4 Qh5 18. Bxf6 gxf6 19. d5 exd5 20. c5 Nc4 21. Qd4
Rxc5 22. Qxf6 Qg6 23. Qe7 Bc8 24. Bxc4 dxc4 25. Rc3 Qg7 26. Nd4 Rg5 27. Rg3 f6
28. Qe2 Qf7 29. Nb5 Qe6 30. Qc2 Bb7 31. Nd4 Qe4 32. Qxc4+ Bd5 33. Qc3 Rxg3 34.
Qxg3+ Kh7 35. f3 Qe3+ 36. Kh1 Rg8 37. Qc7+ Kh8 38. Qc2 Bf7 39. h3 Rd8 40. Nf5
Rxd1+ 41. Qxd1 Qg5 42. Qd8+ Kh7 43. Qc7 Kg6 44. Nd6 Bxa2 45. Qc2+ f5 46. Nc8
Qe3 47. Nxa7 1/2-1/2

[Event "Tata Steel (B) 2015"]
[Site "Wijk aan Zee NED"]
[Date "2015.01.17"]
[Round "7"]
[White "Timman, J."]
[Black "Wei Yi"]
[Result "0-1"]
[WhiteElo "2593"]
[BlackElo "2675"]
[PlyCount "70"]
[EventDate "2015.01.10"]

1. d4 Nf6 2. c4 g6 3. Nc3 d5 4. Nf3 Bg7 5. Bg5 Ne4 6. Bf4 Nxc3 7. bxc3 dxc4 8.
e3 Be6 9. Qb1 b6 10. Ng5 Bd5 11. e4 h6 12. Nf3 Be6 13. Be5 f6 14. Bg3 O-O 15.
d5 f5 16. Be5 Bf7 17. Bxc4 Bxe5 18. Nxe5 Qd6 19. f4 Nd7 20. Nxd7 Qxd7 21. exf5
Bxd5 22. Qe4 Rxf5 23. O-O-O e6 24. Rhe1 Qf7 25. Qd3 Rd8 26. Qg3 Rxf4 27. Bd3 g5
28. c4 Bxc4 29. Bh7+ Kxh7 30. Rxd8 Qf6 31. Rd7+ Kg6 32. Rxc7 Qa1+ 33. Kc2 Qxa2+
34. Kc1 Qa1+ 35. Kc2 Rf2+ 0-1

[Event "Tata Steel (B) 2015"]
[Site "Wijk aan Zee NED"]
[Date "2015.01.17"]
[Round "7"]
[White "Salem, AR."]
[Black "Shankland, S."]
[Result "1/2-1/2"]
[WhiteElo "2603"]
[BlackElo "2652"]
[PlyCount "72"]
[EventDate "2015.01.10"]

1. e4 e6 2. d4 d5 3. Nc3 Nf6 4. e5 Nfd7 5. f4 c5 6. Nf3 Nc6 7. Be3 Be7 8. Qd2
O-O 9. dxc5 Nxc5 10. O-O-O b6 11. Bb5 Bb7 12. Bxc6 Bxc6 13. Nd4 Rc8 14. f5 b5
15. f6 gxf6 16. Nf3 b4 17. Bxc5 bxc3 18. Qh6 fxe5 19. h4 cxb2+ 20. Kb1 f6 21.
Ng5 fxg5 22. hxg5 Rf7 23. g6 Rg7 24. gxh7+ Kh8 25. Qxg7+ Kxg7 26. h8=Q+ Qxh8
27. Rxh8 Rxh8 28. Bxe7 d4 29. Rf1 Rh5 30. g4 Rh2 31. Bf6+ Kg8 32. Bxe5 Rd2 33.
Kxb2 Ba4 34. Rf4 Rxc2+ 35. Ka3 Bc6 36. Bxd4 Rc4 1/2-1/2

[Event "Tata Steel (B) 2015"]
[Site "Wijk aan Zee NED"]
[Date "2015.01.17"]
[Round "7"]
[White "Potkin, V."]
[Black "Haast, A."]
[Result "1-0"]
[WhiteElo "2608"]
[BlackElo "2352"]
[PlyCount "85"]
[EventDate "2015.01.10"]

1. d4 d5 2. c4 dxc4 3. e4 e5 4. Nf3 exd4 5. Bxc4 Bb4+ 6. Bd2 Bxd2+ 7. Nbxd2 Nc6
8. Nb3 Qf6 9. e5 Qg6 10. Nbxd4 Nxd4 11. Qxd4 Ne7 12. O-O O-O 13. Bd3 Qb6 14.
Rad1 h6 15. a3 Be6 16. Qxb6 axb6 17. Nd4 Bd5 18. f4 Rfd8 19. Kf2 Kf8 20. Bc2 c5
21. Ne2 Nc6 22. Rd2 Bc4 23. Rxd8+ Rxd8 24. Rd1 Rxd1 25. Bxd1 b5 26. Nc3 Ke7 27.
Bf3 Kd7 28. g4 Nd8 29. Ke3 Ke6 30. h4 f6 31. exf6 gxf6 32. Ne4 b6 33. h5 Nf7
34. Ng3 Nd6 35. Be4 Bb3 36. Bf5+ Kd5 37. Bd3 Bd1 38. Ne4 Nc4+ 39. Bxc4+ Kxc4
40. Nxf6 Kb3 41. g5 c4 42. gxh6 Bc2 43. Ne4 1-0

[Event "Tata Steel (B) 2015"]
[Site "Wijk aan Zee NED"]
[Date "2015.01.17"]
[Round "7"]
[White "Michiels, B."]
[Black "Dale, Ari"]
[Result "1-0"]
[WhiteElo "2563"]
[BlackElo "2291"]
[PlyCount "247"]
[EventDate "2015.01.10"]

1. d4 d5 2. c4 e6 3. Nc3 c5 4. cxd5 exd5 5. Nf3 Nc6 6. g3 Nf6 7. Bg2 Be7 8. O-O
O-O 9. dxc5 Bxc5 10. Na4 Bd6 11. b3 Re8 12. Bb2 Bg4 13. Rc1 Qe7 14. h3 Bf5 15.
e3 Be4 16. Nd4 Ne5 17. Nc3 Nd3 18. Nxe4 dxe4 19. Nf5 Qe6 20. Nxd6 Nxb2 21. Qe2
Qxd6 22. Qxb2 Rad8 23. Rc4 Qd2 24. Qb1 b5 25. Rc2 Qb4 26. Rd1 h5 27. Qc1 Rxd1+
28. Qxd1 Qe7 29. Qc1 Rd8 30. Rc7 Rd7 31. Rxd7 Qxd7 32. Qc5 a6 33. Qb6 Qc8 34.
a4 Nd7 35. Qd4 Nc5 36. axb5 axb5 37. Qd5 g6 38. Bxe4 Nxe4 39. Qxe4 Qd7 40. Kg2
Kh7 41. b4 Kg8 42. Qd4 Qc6+ 43. e4 Qa6 44. Kf3 Qe6 45. Qd8+ Kg7 46. Qd4+ Kg8
47. h4 Qb3+ 48. Kf4 Qe6 49. Qe5 Qa2 50. Qc5 Qd2+ 51. Ke5 Qd3 52. Qd4 Qc2 53.
Qc5 Qd3 54. Qd4 Qc2 55. Kd5 Qc8 56. Kd6 Qc4 57. Qc5 Qxe4 58. Kc7 Qe2 59. Kb6
Kg7 60. Ka6 Qe8 61. f4 f6 62. Qxb5 Qa8+ 63. Kb6 Qb8+ 64. Kc5 Qc7+ 65. Kd4 Qd6+
66. Kc3 Qd1 67. Qd3 Qe1+ 68. Kb3 Qe6+ 69. Kb2 Qb6 70. b5 Qc5 71. Kb3 Kh6 72.
Qc4 Qg1 73. Qc3 Qb1+ 74. Kc4 Qe4+ 75. Kc5 Qe7+ 76. Kb6 Qd8+ 77. Kb7 Qd5+ 78.
Qc6 Qb3 79. b6 Qf7+ 80. Kc8 Qf8+ 81. Kd7 Qf7+ 82. Kd6 Qf8+ 83. Ke6 Qg8+ 84.
Kxf6 Qd8+ 85. Ke6 Qg8+ 86. Ke5 Qb8+ 87. Ke4 Qf8 88. b7 Qb4+ 89. Kf3 Qb3+ 90.
Kg2 Qb2+ 91. Kh3 Qb1 92. Kg2 Qb2+ 93. Kf3 Qb3+ 94. Ke2 Qb2+ 95. Kd3 Qb3+ 96.
Kd4 Qb2+ 97. Kd5 Qb3+ 98. Kd6 Qxg3 99. Qc4 Qa3+ 100. Kc6 Qf8 101. Qe4 Qf6+ 102.
Kd7 Qf7+ 103. Kd6 Qf6+ 104. Kc5 Qc3+ 105. Qc4 Qe3+ 106. Kb5 Qe8+ 107. Ka6 Qd8
108. f5 Qd6+ 109. Ka7 Qa3+ 110. Qa6 Qc5+ 111. Ka8 Qxf5 112. b8=Q Qd5+ 113. Ka7
Qd7+ 114. Kb6 Qd4+ 115. Kc7 Qg7+ 116. Kc6 Qc3+ 117. Kd7 Qh3+ 118. Qe6 Qd3+ 119.
Qbd6 Qb5+ 120. Ke7 Qb7+ 121. Kd8 Qa8+ 122. Kc7 Qa7+ 123. Kc8 Qd7+ 124. Kxd7 1-0

[Event "Tata Steel (B) 2015"]
[Site "Wijk aan Zee NED"]
[Date "2015.01.17"]
[Round "7"]
[White "Sevian, Samuel"]
[Black "Klein, Da"]
[Result "1-0"]
[WhiteElo "2511"]
[BlackElo "2517"]
[PlyCount "93"]
[EventDate "2015.01.10"]

1. e4 e5 2. Nf3 Nc6 3. Bb5 Nf6 4. d3 Bc5 5. c3 O-O 6. O-O Re8 7. Re1 Bf8 8.
Nbd2 a6 9. Ba4 b5 10. Bb3 h6 11. d4 d6 12. Nf1 exd4 13. cxd4 Bg4 14. h3 Bxf3
15. gxf3 Na5 16. Bc2 c5 17. d5 g6 18. Ng3 Bg7 19. Rb1 h5 20. b3 Nh7 21. f4 Qh4
22. Kg2 c4 23. b4 Nb7 24. a4 Nd8 25. Qf3 Ra7 26. Ne2 Rae7 27. axb5 axb5 28. Nc3
f5 29. Bd2 fxe4 30. Bxe4 Bxc3 31. Bxc3 Kf7 32. Re3 Nf6 33. Bc2 g5 34. Bxf6 Rxe3
35. fxe3 Kxf6 36. fxg5+ Ke7 37. Qf6+ Kd7 38. Qg7+ Kc8 39. Ra1 Nf7 40. Ra8+ Kb7
41. Qxf7+ Re7 42. Qxe7+ Kxa8 43. Qf8+ Ka7 44. Qf4 Qe1 45. g6 Qd2+ 46. Qf2 Qxd5+
47. e4+ 1-0